000 01061naa a22002657a 4500
001 BR8803790
003 BR-BrBNA
005 20240918180152.0
007 ta
008 230509b bl.||||| |||| 00| 0 por d
040 _aBR-BrBNA
_bpor
_cBiblioteca Nacional de Agricultura
041 _a(Pt)
072 _aE13
_b/G514
090 _aE13 BR8803790
100 1 _aGasques, J.G.
111 1 _a25. Congresso Brasiliro de Economia e Sociologia Rural
_cSao Luis, MA (Brazil)
_d26-31 Jul 1987
245 1 _aOs incentivos fiscais na Amazonia: resultados e problemas
260 3 _aBrasilia, DF (Brasil):
_c1987.
500 _aAnais do 25. Congresso Brasileiro de Economia e Sociologia Rural, v. 2 - Temas da atualidade Brasilia, DF (Brasil): 1987. p. 186-197 (BR8803790-AM)E13
650 _aINCENTIVO FISCAL
650 _aAMAZONIA
773 0 _tAnais do 25. Congresso Brasileiro de Economia e Sociologia Rural, v. 2 - Temas da atualidade
_wE13 BR8803790
_gBrasilia, DF (Brasil), 1987. p. 186-197
909 _a202404
_bLucia
_c55
_dLucia Elande
942 _cAM
_2AGRIS
999 _c319375
_d319375